=LDR 00000nam 2200000 4500 =001 INLIS000000000031959 =005 20130612134009 =008 ***********************************ind** =035 ##$$a0010-061300000031959 =041 ##$$a ind =082 ##$$a 780.03 =090 ##$$a 780.03, Com k =100 ##$$a Community, Timas =245 ##$$a Kesenian, Ensiklomini Pengetahuan Populer, Timas Community;Editor,Wawan Setiawan =260 ##$$a [s.a] $b Bandung =300 ##$$a 64 hlm, Ilus, 25 cm =650 ##$$a Kesenian-Ensiklopedi =700 ##$$a Setiawan,Wawan =850 ##$$a NBPNMAT =990 ##$$a 21400613/BPAP-NTB/20142014